| 000 | 00624cam a22002411 4500 | ||
|---|---|---|---|
| 001 | sa 63004568 | ||
| 003 | DLC | ||
| 005 | 20260227111949.0 | ||
| 008 | 941012s1962 ii b 000 0 beno | ||
| 010 | _asa 63004568 | ||
| 025 | _aPL480:I-B-499 | ||
| 035 | _a(OCoLC)31266247 | ||
| 040 |
_aDLC _cCU _dCU _dDLC |
||
| 042 | _apremarc | ||
| 050 | 0 | 0 |
_aLA1051 _b.R68 |
| 100 | 1 | _aRoy, S. C. | |
| 245 | 1 | 0 | _aBhārata o Eśiẏāra śikshābyabasthā. |
| 260 | _c[1962] | ||
| 300 |
_a8, 463, 4 p. _c23 cm. |
||
| 500 | _aIn Bengali. | ||
| 504 | _aBibliography: p. [1]-4 (last group). | ||
| 650 | 0 |
_aEducation _zAsia _xHistory. |
|
| 999 |
_c55729 _d55729 |
||